Stresses in shells. /
Guardado en:
| Autor Principal: | |
|---|---|
| Formato: | Libro |
| Idioma: | English |
| Publicado: |
Berlin :
Springer-Verlag,
1962.
|
| Etiquetas: |
Agregar Etiqueta
Sin Etiquetas, Sea el primero en etiquetar este registro!
|
| LEADER | 00434nam a22001455a 4500 | ||
|---|---|---|---|
| 001 | EUN.um036721 | ||
| 003 | AR-BaUNS | ||
| 005 | 20050623122909.0 | ||
| 008 | 041125s1962####gw#a##########000#0#eng#d | ||
| 245 | 1 | 0 | |a Stresses in shells. / |c Wilhelm Flügge. |
| 260 | |a Berlin : |b Springer-Verlag, |c 1962. | ||
| 300 | |a 499 p. : |b ilus. ; |c 23 cm. | ||
| 100 | 1 | |a Flügge, Wilhelm. | |
| 082 | 0 | 4 | |a 624.171 |
| 859 | |a Ar-BaUNS |b BIB. CENTRAL - Sector C |h 624.171 |i F672 |p 781/966 | ||
